[Event "Politiken Cup 2012"]
[Site "Helsingor DEN"]
[Date "2012.08.04"]
[Round "9.86"]
[White "Moerling,Joakim"]
[Black "Frisvold,O"]
[Result "1/2-1/2"]
[WhiteElo "1685"]
[BlackElo "1960"]

1.d4 d5 2.c4 c6 3.Nf3 Nf6 4.Nc3 dxc4 5.a4 Bf5 6.e3 e6 7.Bxc4 Bd6 8.O-O O-O
9.Qe2 Ne4 10.Bd3 Nxc3 11.bxc3 Bxd3 12.Qxd3 Nd7 13.Ba3 Bxa3 14.Rxa3 Qe7 15.Rb3 b6
16.c4 Rfd8 17.Qe4 Rac8 18.Ne5 f5 19.Qf4 Qd6 20.Ng6 Qxf4 21.Nxf4 Kf7 22.a5 g5
23.Nd3 c5 24.axb6 axb6 25.Ne5+ Ke7 26.Nxd7 Rxd7 27.Rxb6 cxd4 28.exd4 Rxc4
29.Re1 Rd6 30.Rb7+ Rd7 31.Rb6 Rd6 32.Rb7+ Kf6 33.Rxh7 Rcxd4 34.g3 Rd1 35.Rxd1 Rxd1+
36.Kg2 g4 37.h3 gxh3+ 38.Rxh3 e5 39.Rh8 e4 40.Re8 Kf7 41.Re5 Kf6 42.Re8 Re1
43.Kh2 Re2 44.Kg2 Kf7 45.Re5 Kg6 46.Re8 Kf6 47.Kf1 Rb2 48.Kg2 Rb5 49.Kf1 Kf7
50.Ra8 Rb1+ 51.Kg2 Rb2 52.Kf1 Kf6 53.Re8 Kf7 54.Re5 Kg6 55.Re8 Kf6 56.Kg2 Ra2
57.Kf1 Ra5 58.Ke2 Kf7 59.Rb8 Ke6 60.Rd8 Ke5 61.Rd7 Rc5 62.Rd2 Rc3 63.Rd8 Rb3
64.Rd2 f4 65.gxf4+ Kxf4 66.Ra2 Rh3 67.Rb2 Ke5 68.Ra2 Kd4 69.Ra4+ Kd5 70.Ra2 Kc5
71.Rd2 Kc4 72.Rc2+ Kb3 73.Rd2 Kc3 74.Ra2 Kc4 75.Ra4+ Kd5 76.Ra5+ Kd4 77.Ra4+ Ke5
78.Ra5+ Kf4 79.Ra2 Rb3 80.Rc2 Ke5 81.Ra2 Kd4 82.Ra4+ Ke5 83.Ra2 Rc3 84.Ra5+ Kf4
85.Ra2 Rc4 86.Rb2 Ke5 87.Ra2 Kd4 88.Rd2+ Ke5 89.Ra2 Rb4 90.Ra5+ Kd4 91.Ra2 Rb3
92.Ra4+ Ke5 93.Ra5+ Kf4 94.Ra2 Rh3 95.Rb2 Rd3 96.Ra2 Rd8 97.Rb2 Ra8 98.Rc2 Ra5
99.Rb2 Re5 100.Ra2 Rh5 101.Rb2 Rh3 102.Ra2 Ke5 103.Ra5+ Kd4 104.Ra4+ Kd5
105.Ra5+ Kd4 106.Ra4+ Ke5 107.Ra5+ Kf4  1/2-1/2

[Event "10th EU U14 2012"]
[Site "Mureck AUT"]
[Date "2012.08.04"]
[Round "4.8"]
[White "Bilchinski,Anton"]
[Black "Murko,David"]
[Result "1-0"]
[WhiteElo "1869"]
[BlackElo "1556"]

1.d4 d5 2.c4 c6 3.Nc3 Nf6 4.Nf3 dxc4 5.a4 Bf5 6.e3 e6 7.Bxc4 Bb4 8.O-O O-O
9.Qb3 Qe7 10.Bd2 Re8 11.Rfe1 Bxc3 12.Bxc3 Qc7 13.Ne5 Nbd7 14.Nxd7 Qxd7 15.f3 Rac8
16.e4 Bg6 17.Red1 Qc7 18.Rac1 Qb8 19.Be1 Qc7 20.Bf2 Red8 21.Rc3 Qe7 22.a5 e5
23.d5 cxd5 24.exd5 a6 25.d6 Qd7 26.Bb6 Re8 27.Bc7 Rxc7 28.dxc7 Qxc7 29.Bb5 Qe7
30.Bxe8 Qxe8 31.Qb6 Qe7 32.Qd8+ Qe8 33.Rc8  1-0

[Event "Politiken Cup 2012"]
[Site "Helsingor DEN"]
[Date "2012.08.05"]
[Round "10.10"]
[White "L'Ami,Alina"]
[Black "Bulski,K"]
[Result "0-1"]
[WhiteElo "2372"]
[BlackElo "2554"]

1.d4 d5 2.c4 c6 3.Nf3 Nf6 4.Nc3 dxc4 5.a4 Bf5 6.e3 e6 7.Bxc4 Nbd7 8.O-O Bb4
9.Qe2 Bg4 10.Rd1 Qa5 11.e4 Qh5 12.h3 Bxf3 13.Qxf3 Qxf3 14.gxf3 Nf8 15.Na2 Be7
16.b4 a6 17.b5 axb5 18.axb5 c5 19.Bb2 cxd4 20.Bxd4 N8d7 21.e5 Nh5 22.Nc3 O-O
23.Ne4 Rfc8 24.Rxa8 Rxa8 25.b6 Bd8 26.Rb1 Nf4 27.Nd6 Rb8 28.Be3 Bg5 29.h4 Bh6
30.Bd4 Ng6 31.Rb5 Bf4 32.Ra5 Nxh4 33.Be2 Ng6 34.Ra7 Bxe5 35.Bxe5 Ngxe5 36.f4 Ng6
37.Bb5 Nxb6 38.Nxb7 Nc8  0-1

[Event "Politiken Cup 2012"]
[Site "Helsingor DEN"]
[Date "2012.08.05"]
[Round "10.8"]
[White "Gandrud,V"]
[Black "Blomqvist,E"]
[Result "0-1"]
[WhiteElo "2259"]
[BlackElo "2457"]

1.d4 d5 2.c4 c6 3.Nf3 Nf6 4.Nc3 dxc4 5.a4 Bf5 6.e3 e6 7.Bxc4 Bb4 8.O-O Nbd7
9.Qe2 O-O 10.e4 Bg6 11.Bd3 c5 12.d5 Bxc3 13.bxc3 exd5 14.exd5 Nxd5 15.Bxg6 hxg6
16.Ba3 Qc7 17.Qc4 N5f6 18.Rab1 b6 19.h3 Rfe8 20.Rfe1 Rad8 21.Rbd1 Ne5 22.Nxe5 Qxe5
23.Rf1 Rxd1 24.Rxd1 Qe2 25.Qxe2 Rxe2 26.a5 Ne4 27.axb6 axb6 28.Rb1 Ra2  0-1

[Event "Tabor Open 2012"]
[Site "Tabor CZE"]
[Date "2012.08.05"]
[Round "9.12"]
[White "Kantorik,M"]
[Black "Pravdik,K"]
[Result "1-0"]
[WhiteElo "2305"]
[BlackElo "2092"]

1.d4 Nf6 2.c4 c6 3.Nc3 d5 4.Nf3 dxc4 5.a4 Bf5 6.Ne5 Nbd7 7.Nxc4 Qc7 8.g3 e5
9.dxe5 Nxe5 10.Bf4 Nfd7 11.Bg2 g5 12.Ne3 gxf4 13.Nxf5 O-O-O 14.Qc2 Nc5 15.O-O Ne6
16.Rfc1 Kb8 17.Qe4 Nc5 18.Qxf4 Bd6 19.Nxd6 Qxd6 20.Rd1 Qc7 21.b4 Ne6 22.Qe4 h5
23.b5 h4 24.bxc6 hxg3 25.Nb5 gxf2+ 26.Kf1 Rxd1+ 27.Rxd1 Ng5 28.Qe3 Ng4 29.Qxa7+ Kc8
30.Qa8+ Qb8 31.cxb7+  1-0

[Event "16th HZ Open"]
[Site "Vlissingen NED"]
[Date "2012.08.05"]
[Round "2"]
[White "Ratsma,Midas"]
[Black "Sowray,P"]
[Result "0-1"]
[WhiteElo "2016"]
[BlackElo "2375"]

1.d4 d5 2.c4 c6 3.Nf3 Nf6 4.Nc3 dxc4 5.a4 Bf5 6.e3 e6 7.Bxc4 Bb4 8.O-O O-O
9.Qe2 Bg6 10.Rd1 Qa5 11.Na2 Be7 12.Bd2 Qh5 13.Bb4 c5 14.Bxc5 Bxc5 15.dxc5 Qxc5
16.Rac1 Qe7 17.h3 Bh5 18.e4 Nc6 19.e5 Nd7 20.g4 Bg6 21.Bb5 Nb6 22.Bxc6 bxc6
23.a5 Nd5 24.Rxc6 Rab8 25.Nc3 Nxc3 26.Rxc3 Qb4 27.Rd7 Qxa5 28.Ra3 Qc5 29.Raxa7 Qc1+
30.Rd1 Qxb2 31.Qxb2 Rxb2 32.Rad7 Be4 33.Nd2 Bd5 34.Nf1 h6 35.Ne3 Bf3 36.R1d2 Rb5
37.Nc4 Rc5 38.R7d4 Kh7 39.Kh2 Rb8 40.Nd6 Rxe5 41.Nxf7 Re1 42.g5 Rbb1 43.Rh4 Bd5
44.gxh6 Rh1+ 45.Kg3 Rb3+ 46.Kg4 Rg1+  0-1

[Event "113th US Open 2012"]
[Site "Vancouver USA"]
[Date "2012.08.06"]
[Round "3"]
[White "Gutman,R"]
[Black "Labedz,P"]
[Result "0-1"]
[WhiteElo "2113"]
[BlackElo "2141"]

1.d4 d5 2.c4 c6 3.Nc3 Nf6 4.Nf3 dxc4 5.a4 Bf5 6.e3 e6 7.Bxc4 Bb4 8.O-O Nbd7
9.Qe2 O-O 10.e4 Bg6 11.Bd3 Rc8 12.Rd1 Qa5 13.e5 Nd5 14.Bxg6 hxg6 15.Ne4 c5
16.Nd6 Rb8 17.Ng5 cxd4 18.Nc4 Qa6 19.Rxd4 Rbc8 20.b3 Bc3 21.Bb2 Bxd4 22.Bxd4 N5b6
23.Qg4 Nxc4 24.Qh4 Rfe8 25.Qh7+ Kf8 26.bxc4 Qxc4 27.Bb2 Qb3 28.Qh8+ Ke7 29.Qxg7 Rf8
30.Bd4 Qxa4  0-1

[Event "113th US Open 2012"]
[Site "Vancouver USA"]
[Date "2012.08.07"]
[Round "4"]
[White "Pechisker,A"]
[Black "Morris,Mi1"]
[Result "1-0"]
[WhiteElo "2199"]
[BlackElo "2097"]

1.d4 d5 2.c4 c6 3.Nf3 Nf6 4.Nc3 dxc4 5.a4 Bf5 6.e3 Nbd7 7.Bxc4 e6 8.O-O h6
9.Qe2 Bb4 10.e4 Bg6 11.d5 e5 12.dxc6 bxc6 13.Nh4 Bh7 14.Bxf7+ Kxf7 15.Qc4+ Ke8
16.Qxb4 Qc7 17.Nf5 Bxf5 18.exf5 Rb8 19.Qc4 Kd8 20.Rd1 Kc8 21.b4 Re8 22.Be3 e4
23.b5 Ne5 24.Qc5 Nfg4 25.Nxe4  1-0

[Event "16th HZ Open"]
[Site "Vlissingen NED"]
[Date "2012.08.07"]
[Round "5"]
[White "Ris,R"]
[Black "Go,B"]
[Result "0-1"]
[WhiteElo "2415"]
[BlackElo "2169"]

1.d4 d5 2.c4 c6 3.Nf3 Nf6 4.Nc3 dxc4 5.a4 Bf5 6.Ne5 Nbd7 7.Nxc4 Nb6 8.Ne5 a5
9.Rg1 h5 10.Bg5 g6 11.f3 Bg7 12.e4 Be6 13.h3 Qd6 14.Be3 Nfd7 15.f4 Rd8 16.Qc2 Qb4
17.Nd3 Qb3 18.Qf2 Nc4 19.Bc1 c5 20.e5 cxd4 21.Nb5 O-O 22.Nxd4 Qb6 23.b3 Ncxe5
24.Nxe5 Nxe5  0-1

[Event "FSGM August 2012"]
[Site "Budapest HUN"]
[Date "2012.08.08"]
[Round "5.5"]
[White "Toth,E"]
[Black "Gonzalez,Be CRC"]
[Result "1-0"]
[WhiteElo "2466"]
[BlackElo "2413"]

1.d4 d5 2.c4 c6 3.Nf3 Nf6 4.Nc3 dxc4 5.a4 Bf5 6.Ne5 e6 7.f3 Bb4 8.e4 Bxe4
9.fxe4 Nxe4 10.Qf3 Qxd4 11.Qxf7+ Kd8 12.Bg5+ Nxg5 13.Qxg7 Bxc3+ 14.bxc3 Qxc3+
15.Ke2 Qc2+ 16.Ke3 Qe4+ 17.Kd2 Qf4+ 18.Kc2 Qf5+ 19.Kb2 Qf2+ 20.Kc3 Ne4+ 21.Kxc4 Nd6+
22.Kb3 Qb6+ 23.Bb5 Qe3+ 24.Bd3 Re8 25.Rad1 Kc8 26.Rhe1 Qb6+ 27.Ka2 Qc7 28.Qxh7 Re7
29.Qh4 Re8 30.Nc4 Nd7 31.Bg6 Nxc4 32.Bxe8 Nde5 33.Bd7+ Nxd7 34.Qxc4 Qxh2
35.Qxe6 Qxg2+ 36.Re2 Qg7 37.Red2  1-0

[Event "Miguel Najdorf Open A"]
[Site "Warsaw POL"]
[Date "2012.08.08"]
[Round "3.5"]
[White "Staniszewski,Pi"]
[Black "Lewtak,Da"]
[Result "0-1"]
[WhiteElo "2429"]
[BlackElo "2269"]

1.d4 d5 2.c4 c6 3.Nf3 Nf6 4.Nc3 dxc4 5.a4 Bf5 6.Ne5 Nbd7 7.Nxc4 Nb6 8.Ne3 Bg6
9.a5 Nbd7 10.g3 e5 11.d5 cxd5 12.Nexd5 Bc5 13.Bg5 O-O 14.Bh3 h6 15.Bh4 Bh7
16.Bxd7 g5 17.Bxg5 hxg5 18.Bh3 Bd4 19.Bg2 Nxd5 20.Bxd5 Qf6 21.O-O Kg7 22.e3 Bxc3
23.bxc3 Rad8 24.Qf3 Bd3 25.Rfe1 Qxf3 26.Bxf3 e4 27.Be2 Rc8 28.Ra3 Rfd8 29.Kg2 f5
30.Rb3 Rc7 31.c4 Kf6 32.Bxd3 exd3 33.Rd1 Rcd7 34.Rd2 Ke5 35.f3 a6 36.Rb6 f4
37.gxf4+ gxf4 38.Kf2 Rh8 39.exf4+ Kd4 40.Ke1 Rg8 41.Rb3 Kxc4 42.Ra3 Rgd8
43.Rg2 Kb4 44.Ra1 Rd5 45.Rb2+ Kc3 46.Rxb7 d2+ 47.Kd1 Rg8 48.Ra3+ Kc4 49.Ra4+ Kc5  0-1

[Event "TCh-ESP CECLUB 2a Gp2 2012"]
[Site "Burguillos ESP"]
[Date "2012.08.09"]
[Round "3.2"]
[White "Vazquez Igarza,R"]
[Black "Montero Melendez,R"]
[Result "1-0"]
[WhiteElo "2570"]
[BlackElo "2329"]

1.Nf3 d5 2.d4 c6 3.c4 Nf6 4.Nc3 dxc4 5.a4 Bf5 6.Ne5 Nbd7 7.Nxc4 Nb6 8.Ne5 a5
9.f3 Nfd7 10.e4 Nxe5 11.exf5 Ned7 12.d5 g6 13.dxc6 bxc6 14.Qd4 Rg8 15.Qe4 gxf5
16.Qxf5 Rg6 17.Bd2 Bg7 18.Qc2 Nd5 19.Nxd5 cxd5 20.Rc1 Kf8 21.b3 Re6+ 22.Kd1 Ne5
23.Bb5 Rg6 24.Bf4 Kg8 25.Re1 Nc4 26.g3 Nd6 27.Qc7 Re6 28.Rxe6 fxe6 29.Bd7 e5
30.Be6+ Kf8 31.Bg5 h6 32.Qxd8+ Rxd8 33.Bd2 e4 34.Bxa5 Ra8 35.Bd2 exf3 36.Bxd5 Rb8
37.b4 e5 38.Bxf3 e4 39.Bg4 Nf7 40.Rc8+ Rxc8 41.Bc1 h5  1-0

[Event "FSGM August 2012"]
[Site "Budapest HUN"]
[Date "2012.08.10"]
[Round "6.1"]
[White "Purnama,T"]
[Black "Gonzalez,Be CRC"]
[Result "0-1"]
[WhiteElo "2384"]
[BlackElo "2413"]

1.d4 d5 2.c4 c6 3.Nf3 Nf6 4.Nc3 dxc4 5.a4 Bf5 6.Ne5 e6 7.f3 Bb4 8.e4 Bxe4
9.fxe4 Nxe4 10.Bd2 Qxd4 11.Nxe4 Qxe4+ 12.Qe2 Bxd2+ 13.Kxd2 Qd5+ 14.Kc2 Na6
15.Nxc4 O-O 16.Qe5 Rab8 17.Re1 Nb4+ 18.Kc1 b5 19.axb5 Rxb5 20.Qxd5 cxd5 21.Ne5 Rc8+
22.Kd1 Ra5 23.Re3 Ra1+ 24.Ke2 f6 25.Nd3 Nc2 26.Rh3 Nd4+ 27.Ke3 Nf5+ 28.Kd2 e5
29.g3 Nd4 30.Nb4 Rcc1 31.Nxd5 Rxf1 32.Rxf1 Rxf1 33.Ne7+ Kf7 34.Nc8 Rf2+ 35.Kd3 h6
36.b4 Rb2 37.g4 Rb3+  0-1

[Event "16th HZ Open"]
[Site "Vlissingen NED"]
[Date "2012.08.11"]
[Round "9"]
[White "Geirnaert,S"]
[Black "Laarhoven,T"]
[Result "1-0"]
[WhiteElo "2407"]
[BlackElo "2226"]

1.d4 d5 2.c4 c6 3.Nf3 Nf6 4.Nc3 dxc4 5.a4 Bf5 6.Nh4 Bg4 7.h3 Bh5 8.g4 Bg6
9.Nxg6 hxg6 10.e3 e5 11.Bxc4 exd4 12.exd4 Bb4 13.Be3 Nd5 14.Qb3 Qa5 15.O-O Rxh3
16.Nxd5 cxd5 17.Bxd5 Nc6 18.Bxf7+ Kf8 19.Kg2 Nxd4 20.Qd5 Rh4 21.Qxa5 Bxa5
22.Kg3 Rh8 23.Bxg6 Bc7+ 24.f4 Rh6 25.Rh1 Rxg6 26.Rh8+ Ke7 27.Rxa8 Nf5+ 28.Kf3 Nxe3
29.Kxe3 Rxg4 30.Rxa7 Bb6+ 31.Kf3 Rxf4+ 32.Kxf4 Bxa7 33.Rd1 Bb8+ 34.Kf5 Bd6
35.Rg1 Kd7 36.Rxg7+ Kc6 37.Ke4 Bb4 38.Kd4 Kb6 39.Rg5 Ka6 40.Kc4 Bd2 41.Rf5 Be1
42.b4 Bd2 43.a5 Be1 44.Rf6+ Ka7 45.Kb5 Bc3 46.Rf7 Kb8 47.Ka4 Ka7 48.b5 Be5
49.a6  1-0

[Event "16th HZ Open"]
[Site "Vlissingen NED"]
[Date "2012.08.11"]
[Round "9"]
[White "Roos,Ad"]
[Black "Schoorl,R"]
[Result "1/2-1/2"]
[WhiteElo "2190"]
[BlackElo "2341"]

1.d4 d5 2.c4 c6 3.Nf3 Nf6 4.Nc3 dxc4 5.a4 Bf5 6.Ne5 Nbd7 7.Nxc4 Nb6 8.Ne3 Bg6
9.a5 Nbd7 10.g3 e6 11.Bg2 Rc8 12.O-O Be7 13.Nc2 O-O 14.e4 b5 15.axb6 axb6
16.f4 b5 17.b4 Bh5 18.Qe1 Ne8 19.Kh1 Nd6 20.Bh3 f5 21.Ra6 Re8 22.Ne3 Bg6
23.e5 Nc4 24.Nxc4 bxc4 25.Na4 Nb8 26.Ra7 Rc7 27.Rxc7 Qxc7 28.Qc3 Qa7 29.Nb2 Na6
30.Qxc4 Bxb4 31.Qxc6 Nb8 32.Qc4 Ba3 33.Bg2 Nd7 34.Qa4 Qxa4 35.Nxa4 Bf8 36.d5 exd5
37.Bxd5+ Bf7 38.Rd1 Nc5 39.Nxc5 Bxc5 40.Bxf7+ Kxf7 41.Rd7+ Re7 42.Rxe7+ Kxe7
43.Kg2 Ke6 44.Kf3 h5 45.Be3 Be7 46.h3 Bd8 47.g4  1/2-1/2

[Event "16th HZ Open"]
[Site "Vlissingen NED"]
[Date "2012.08.11"]
[Round "9"]
[White "Helbig,M"]
[Black "Guramishvili,S"]
[Result "0-1"]
[WhiteElo "2325"]
[BlackElo "2418"]

1.d4 Nf6 2.Nf3 d5 3.c4 c6 4.Nc3 dxc4 5.a4 Bf5 6.Ne5 Nbd7 7.Nxc4 Nb6 8.Ne5 a5
9.g3 e6 10.Bg2 Bb4 11.O-O O-O 12.e3 h6 13.Qe2 Nfd7 14.Nxd7 Nxd7 15.e4 Bh7
16.Rd1 Qe7 17.Be3 e5 18.d5 Nf6 19.Rac1 Rfc8 20.dxc6 bxc6 21.Na2 Bd6 22.f3 Ne8
23.Bh3 Rc7 24.Bb6 Rb7 25.Rxc6 Rxb6 26.Rdxd6 Qxd6 27.Rxd6 Nxd6 28.Nc3 Rab8
29.Qd3 Kh8 30.Bd7 Rd8 31.Bb5 f6 32.Qe3 Rb7 33.Qd3 Bg8 34.Kg2 Rbb8 35.Qe2 Rbc8
36.Kh3 Be6+ 37.g4 Nxb5 38.Qxb5 Bc4 39.Qb7 Rb8 40.Qc7 Rdc8 41.Qd7 Rg8 42.Nd5 Rxb2
43.Ne3 Ba6 44.Qa7 Rb3 45.Kg3 Bb7 46.Kh4 Ra8 47.Qc5 Rc8 48.Qa7 Rcc3 49.Kh5 Kh7
50.Qb8 Rxe3 51.Qe8 Bxe4 52.Qf7 Rxf3 53.h4 Rf5+ 54.gxf5 Bf3+  0-1

[Event "FSGM August 2012"]
[Site "Budapest HUN"]
[Date "2012.08.12"]
[Round "8.2"]
[White "Arngrimsson,D"]
[Black "Gonzalez,Be CRC"]
[Result "0-1"]
[WhiteElo "2375"]
[BlackElo "2413"]

1.d4 d5 2.c4 c6 3.Nf3 Nf6 4.Nc3 dxc4 5.a4 Bf5 6.Ne5 e6 7.f3 Bb4 8.e4 Bxe4
9.fxe4 Nxe4 10.Bd2 Qxd4 11.Nxe4 Qxe4+ 12.Qe2 Bxd2+ 13.Kxd2 Qd5+ 14.Kc3 Na6
15.Nxc4 Rd8 16.Qe5 f6 17.Qxd5 cxd5 18.Na5 Rc8+ 19.Kd4 Nb4 20.Bb5+ Ke7 21.Rac1 a6
22.Be2 b6 23.Nb3 e5+ 24.Ke3 f5 25.Kd2 Kd6 26.a5 b5 27.Rxc8 Rxc8 28.Rc1 Rxc1
29.Nxc1 d4 30.h4 e4 31.g3 g6 32.Bd1 h6 33.Bb3 g5 34.Bf7 f4 35.hxg5 hxg5 36.gxf4 gxf4
37.Bg6 Kd5 38.Nb3 f3 39.Kd1 e3 40.Bh5 f2 41.Ke2 d3+ 42.Kf1 Nc2 43.Nc1 Kc4
44.Bf7+ Kd4 45.Bg6 Ne1 46.Bh5 Kc4 47.Bf7+ Kb4 48.Na2+ Kxa5 49.b4+ Ka4 50.Nc3+ Ka3
51.Bh5 Nc2 52.Nd5 e2+ 53.Bxe2 dxe2+ 54.Kxe2 Nxb4 55.Nc7 Nd3 56.Nxa6 b4 57.Nc7 b3
58.Nb5+ Kb4  0-1

[Event "II Brazil Maringa Open"]
[Site "Maringa BRA"]
[Date "2012.08.12"]
[Round "9.28"]
[White "Rapouso,Ricardo Luis Borba"]
[Black "Garkauskas,Otto Dmitry"]
[Result "0-1"]
[WhiteElo "1852"]
[BlackElo "2060"]

1.d4 d5 2.c4 c6 3.Nf3 Nf6 4.Nc3 dxc4 5.a4 Bf5 6.e3 e6 7.Bxc4 Bb4 8.O-O O-O
9.Bb3 Qe7 10.Ne5 Bd6 11.Re1 Bxe5 12.dxe5 Ng4 13.e4 Qh4 14.Be3 Qxh2+ 15.Kf1 Nxe3+
16.fxe3  0-1

[Event "113th US Open 2012"]
[Site "Vancouver USA"]
[Date "2012.08.12"]
[Round "9"]
[White "Bykhovsky,An ISR"]
[Black "Pamatmat,J"]
[Result "1-0"]
[WhiteElo "2527"]
[BlackElo "2103"]

1.d4 d5 2.c4 c6 3.Nf3 Nf6 4.Nc3 dxc4 5.a4 Bf5 6.e3 e6 7.Bxc4 Bb4 8.O-O O-O
9.Nh4 Nbd7 10.h3 Nb6 11.Bb3 Nbd5 12.Bd2 Qa5 13.Rc1 Ne4 14.Nxf5 exf5 15.Nxe4 fxe4
16.Bxd5 Bxd2 17.Rc5 Qd8 18.Bxf7+ Rxf7 19.Qxd2 Re7 20.b4 Qd6 21.b5 Rd8 22.Qa2+ Qe6
23.Qxe6+ Rxe6 24.bxc6 bxc6 25.Rfc1 Rdd6 26.Ra5 Re7 27.Rb1 Kf7 28.Rb8 Rc7
29.Re5 Re7 30.Rxe7+ Kxe7 31.Rb7+ Rd7 32.Rxd7+ Kxd7 33.f3 exf3 34.gxf3 c5
35.d5 Kd6 36.e4 g5 37.Kf2 h5 38.Ke3 Ke5 39.Kd3  1-0

[Event "FSGM August 2012"]
[Site "Budapest HUN"]
[Date "2012.08.13"]
[Round "9.5"]
[White "Akshayraj,K"]
[Black "Arngrimsson,D"]
[Result "1-0"]
[WhiteElo "2483"]
[BlackElo "2375"]

1.d4 d5 2.c4 c6 3.Nf3 Nf6 4.Nc3 dxc4 5.a4 Bf5 6.Ne5 e6 7.e3 Nbd7 8.Nxc4 Bb4
9.Bd3 Bxd3 10.Qxd3 O-O 11.O-O Re8 12.Rd1 Nb6 13.Ne5 a5 14.Qe2 Nfd7 15.Nd3 Qe7
16.Qc2 e5 17.dxe5 Nxe5 18.Nxb4 axb4 19.Ne2 Nd5 20.e4 Ng4 21.Ng3 b3 22.Qxb3 Qc5
23.Qf3 Ndf6 24.h3 Ne5 25.Qe2 Qb4 26.Bg5 Ned7 27.Qc2 h6 28.Bd2 Qc5 29.Qb3 b5
30.Be3 Qc4 31.Qxc4 bxc4 32.f3 Reb8 33.Bd4 Rb4 34.a5 Rb5 35.Bc3 Nc5 36.Nf5 Nd3
37.Nd6 Rc5 38.Bd4 Rg5 39.h4 Rg6 40.Nxc4 Nf4 41.Ne3 Ne8 42.Be5  1-0

[Event "2nd Split Open 2012"]
[Site "Split CRO"]
[Date "2012.08.13"]
[Round "3.13"]
[White "Bozinovic,Bog"]
[Black "Nikolova,A"]
[Result "1-0"]
[WhiteElo "2242"]
[BlackElo "2299"]

1.d4 d5 2.c4 c6 3.Nf3 Nf6 4.Nc3 dxc4 5.a4 Bf5 6.e3 e6 7.Bxc4 Bb4 8.O-O Nbd7
9.Nh4 Bg6 10.Be2 Nd5 11.Qb3 a5 12.g3 Qb6 13.Nxg6 hxg6 14.Bd2 f5 15.Qc2 N7f6
16.Bf3 Be7 17.e4 Nb4 18.Qb3 Qxd4 19.Rad1 Qd7 20.Bh6 Qc8 21.Bxg7 Rh7 22.Bxf6 Bxf6
23.exf5 gxf5 24.Rfe1 Re7 25.Ne2 Nd5 26.Bxd5 cxd5 27.Nf4 Kf7 28.Qf3 Qh8 29.Rxe6 Rd8
30.Rxe7+ Bxe7 31.Rxd5 Rxd5 32.Qxd5+ Ke8 33.Qxb7 Qd4 34.Qc8+ Bd8 35.Qe6+ Be7
36.Nd5  1-0

[Event "2nd Split Open 2012"]
[Site "Split CRO"]
[Date "2012.08.13"]
[Round "3.29"]
[White "Pecha,T"]
[Black "Gooding,I"]
[Result "1/2-1/2"]
[WhiteElo "2263"]
[BlackElo "2041"]

1.d4 d5 2.Nf3 Nf6 3.c4 c6 4.Nc3 dxc4 5.a4 Bf5 6.Ne5 e6 7.f3 Bb4 8.e4 Nxe4
9.fxe4 Bxe4 10.Bd2 Qxd4 11.Nxe4 Qxe4+ 12.Qe2 Bxd2+ 13.Kxd2 Qd5+ 14.Kc2 Na6
15.Nxc4 O-O 16.Qe5 Rfd8 17.Be2 f6 18.Qxd5 cxd5 19.Nd2 Rac8+ 20.Kb3 Nc5+ 21.Ka3 Rc7
22.b4 Nd7 23.Rac1 Rdc8 24.Rxc7 Rxc7 25.Kb3 Kf7 26.Rd1 g6 27.Nf3 a6 28.a5  1/2-1/2

[Event "Husek Vienna Open A"]
[Site "Vienna AUT"]
[Date "2012.08.13"]
[Round "1"]
[White "Rau,H"]
[Black "Kranewitter,N"]
[Result "1-0"]
[WhiteElo "2447"]
[BlackElo "2074"]

1.d4 d5 2.c4 c6 3.Nf3 Nf6 4.Nc3 dxc4 5.a4 Bf5 6.Nh4 Bg6 7.Nxg6 hxg6 8.e4 e5
9.Be3 Bb4 10.f3 Qc7 11.Bxc4 exd4 12.Qxd4 c5 13.Bb5+ Nc6 14.Bxc6+ bxc6 15.Qc4 Nd7
16.f4 Nb6 17.Qe2 Rd8 18.O-O O-O 19.Nd1 Rfe8 20.Nf2 Re7 21.Rfc1 Red7 22.b3 Bd2
23.Rxc5 Bxe3 24.Qxe3 Nc8 25.Rac1 Ne7 26.h3 Qb6 27.Kh2 Rd2 28.a5 Qa6 29.R1c4 Ra2
30.Re5 Rdd2 31.Nd3 Rxg2+ 32.Kh1 Rge2 33.Qd4 Qc8 34.f5 Qc7 35.Qc5 Ra1+ 36.Rc1 Rxc1+
37.Nxc1 Re1+ 38.Kg2 Rxc1 39.Qxe7 Qxe7 40.Rxe7 gxf5 41.exf5 Rc5 42.Rxa7 Rxf5
43.a6 Rb5 44.Rb7 Ra5 45.a7 Kh7 46.Rxf7 Kg6 47.Rb7 c5 48.Kf3 Kf6 49.Ke4 g5
50.Kd5 Kg6 51.Kc6  1-0

[Event "Husek Vienna Open A"]
[Site "Vienna AUT"]
[Date "2012.08.13"]
[Round "1"]
[White "Kummer,Hel"]
[Black "Brunier,J"]
[Result "1-0"]
[WhiteElo "2362"]
[BlackElo "2053"]

1.d4 d5 2.c4 c6 3.Nf3 Nf6 4.Nc3 dxc4 5.a4 Bf5 6.e3 e6 7.Bxc4 Bb4 8.O-O O-O
9.Qe2 Bg4 10.Rd1 Bxc3 11.bxc3 Ne4 12.Qc2 Bxf3 13.gxf3 Ng5 14.Kg2 h6 15.e4 Nd7
16.e5 Nb6 17.Bb3 Nd5 18.f4 Nh7 19.c4 Ne7 20.Ba3 Re8 21.Bxe7 Qxe7 22.Qe4 Qh4
23.Qe3 Nf8 24.Qg3 Ng6 25.Qxh4 Nxh4+ 26.Kg3 Nf5+ 27.Kf3 Red8 28.Ke4 Ne7 29.a5 Rd7
30.Bc2 Rad8 31.Ke3 b6 32.axb6 axb6 33.Rab1 b5 34.d5 exd5 35.cxb5 d4+ 36.Kf3 c5
37.Be4 Rb8 38.b6 Nd5 39.Bxd5 Rxd5 40.Ke4 Rd7 41.Rb5 Rdb7 42.Rxc5 Rxb6 43.Rxd4 Rb2
44.Kf3 Ra8 45.Rc1 Raa2 46.Rf1 g6 47.Re4 Kg7 48.Kg3 h5 49.Re3 h4+ 50.Kxh4 Rxf2
51.Rxf2 Rxf2 52.Kg3 Ra2 53.Rc3 Ra7 54.Rc6 Ra3+ 55.Kg4 Ra7 56.h4 Re7 57.h5 gxh5+
58.Kxh5 Re8 59.Kg5 Re7 60.Kf5 Re8 61.Rc7 Re6 62.Ke4 Ra6 63.Rd7 Ra4+ 64.Rd4 Ra1
65.Rd7 Re1+ 66.Kf5 Re2 67.Rd3 Rg2 68.Ke4 Re2+ 69.Re3 Ra2 70.f5 Ra4+ 71.Kf3 Kf8
72.Re4 Ra3+ 73.Kf4 Ke7 74.Rb4 Ra7 75.Ke4 Kd7 76.Rb5 Ke7 77.Kf4 Kd7 78.Kg5 Ke7
79.Kh6 Rc7 80.Kg7 Ra7 81.Rb6 Ra5 82.f6+ Kd8 83.e6 Rg5+ 84.Kxf7  1-0

[Event "25th Panevezys Open"]
[Site "Panevezys LTU"]
[Date "2012.08.14"]
[Round "2.2"]
[White "Milasevicius,J"]
[Black "Bieliauskas,M"]
[Result "0-1"]
[WhiteElo "1934"]
[BlackElo "2148"]

1.d4 d5 2.c4 c6 3.Nc3 Nf6 4.Nf3 dxc4 5.a4 Bf5 6.e3 e6 7.Bxc4 Bb4 8.O-O O-O
9.Nh4 Nbd7 10.Nxf5 exf5 11.Ne2 a5 12.Bd2 Bd6 13.g3 Nb6 14.Bd3 g6 15.Bc3 Nbd5
16.Qb3 Qc7 17.Rfc1 Rfe8 18.Be1 Bb4 19.Nc3 Qd6 20.Bc4 Rad8 21.Nxd5 cxd5 22.Bxb4 axb4
23.Bb5 Re7 24.Rc2 h5 25.Bf1 h4 26.Rac1 hxg3 27.hxg3 Kg7 28.Bg2 Rh8 29.Rc5 Re4
30.Qxb4 Ng4 31.Bxe4 fxe4 32.Qe1 Rh2 33.Qe2 Qf6 34.R1c2 Qf5 35.Rxd5 Qxd5 36.Qxg4 Rh6
37.Qf4 Qb3 38.Qxe4 Qxa4 39.Qe5+ Kh7 40.Qc5 Qa1+ 41.Rc1 Qxb2 42.Qc2 Qb5 43.Qe4 Qh5
44.Qg2 b5 45.g4 Qh4 46.Rb1 Qg5 47.f4 Qe7 48.Kf2 b4 49.g5 Rh5 50.Rh1 Rxh1
51.Qxh1+ Kg7 52.Qd5 Qa7 53.Qe5+ Kh7 54.d5 b3 55.f5 Qc5 56.fxg6+ fxg6 57.Qh2+ Kg8
58.Qb8+ Qf8+  0-1

[Event "2nd Split Open 2012"]
[Site "Split CRO"]
[Date "2012.08.15"]
[Round "5.39"]
[White "Bleuzen,E"]
[Black "Fernandez Gil,M"]
[Result "1-0"]
[WhiteElo "1986"]
[BlackElo "2280"]

1.d4 d5 2.c4 c6 3.Nc3 Nf6 4.Nf3 dxc4 5.a4 Bf5 6.e3 e6 7.Bxc4 Bb4 8.O-O O-O
9.Qe2 Nbd7 10.Rd1 Bg6 11.h3 a5 12.Nh4 Bh5 13.Nf3 Qe7 14.e4 e5 15.d5 Rad8
16.g4 Bg6 17.Nh4 Ne8 18.Nxg6 hxg6 19.Be3 Nd6 20.f3 Bc5 21.Bb3 Bxe3+ 22.Qxe3 c5
23.Nb5 b6 24.Nxd6 Qxd6 25.Bc4 Nf6 26.Kg2 Qe7 27.Rh1 Ne8 28.Raf1 g5 29.Qf2 Nd6
30.b3 g6 31.Bd3 Kg7 32.h4 Rh8 33.hxg5 Qxg5 34.Rxh8 Rxh8 35.Rh1 Rxh1 36.Kxh1 Qc1+
37.Kg2 Qc3 38.Qc2 Qd4 39.Bc4 f5 40.gxf5 gxf5 41.Bd3 Qe3 42.exf5 Kf6 43.Bc4 Kg5
44.Kh3 Nxf5 45.d6 Nd4 46.Qg2+  1-0

[Event "25th Panevezys Open"]
[Site "Panevezys LTU"]
[Date "2012.08.16"]
[Round "5.9"]
[White "Zebelis,R"]
[Black "Annenkov,K"]
[Result "1/2-1/2"]
[WhiteElo "1921"]
[BlackElo "2256"]

1.d4 d5 2.c4 c6 3.Nf3 Nf6 4.Nc3 dxc4 5.a4 Bf5 6.e3 e6 7.Bxc4 Bb4 8.O-O O-O
9.Qe2 Nbd7 10.Na2 Bd6 11.Rd1 Qe7 12.Nc3 e5 13.Nh4 Bg4 14.f3 Be6 15.dxe5 Bxe5
16.Bxe6 Qxe6 17.e4 Nc5 18.Be3 Nb3 19.Rab1 c5 20.Qf2 Bd4 21.Nf5 Rfd8 22.Nxd4 cxd4
23.Bxd4 Nxd4 24.Rxd4 Rxd4 25.Qxd4 Qb3 26.Rd1 h6 27.Nd5 Nxd5 28.exd5 Rd8 29.d6 Rd7
30.h3 b5 31.axb5 Qxb5 32.b4 a5 33.Qc5 Qa4 34.Rd4 axb4 35.Rxb4 Qd1+ 36.Kh2 Qxd6+
37.Qxd6 Rxd6  1/2-1/2

[Event "25th Panevezys Open"]
[Site "Panevezys LTU"]
[Date "2012.08.19"]
[Round "9.5"]
[White "Kviliunas,V"]
[Black "Annenkov,K"]
[Result "0-1"]
[WhiteElo "1836"]
[BlackElo "2256"]

1.d4 d5 2.c4 c6 3.Nf3 Nf6 4.Nc3 dxc4 5.a4 Bf5 6.g3 e6 7.Bg2 Na6 8.Ne5 Nb4
9.e4 Bg6 10.Nxc4 Qxd4 11.Ne3 Qxd1+ 12.Kxd1 Bc5 13.Ke2 O-O-O 14.a5 a6 15.Bd2 Nd3
16.f3 Nxb2 17.Rab1 Bxe3 18.Bxe3 Nc4 19.Ba7 Rd2+ 20.Kf1 Rhd8 21.Rb4 Nb2 22.Kg1 Rc2
23.Na4 Rd1+ 24.Bf1 Nxa4 25.Rxa4 Nd7 26.h3 f5 27.exf5 Bxf5 28.Ra3 Ne5  0-1

[Event "14th Sants Open A"]
[Site "Barcelona ESP"]
[Date "2012.08.20"]
[Round "4.2"]
[White "Spraggett,K"]
[Black "Alarcon Casellas,Rol"]
[Result "1-0"]
[WhiteElo "2595"]
[BlackElo "2471"]

1.d4 d5 2.c4 c6 3.Nc3 Nf6 4.Nf3 dxc4 5.a4 Bf5 6.Ne5 Nbd7 7.Nxc4 Qc7 8.g3 e5
9.dxe5 Nxe5 10.Bf4 Nfd7 11.Bg2 g5 12.Ne3 gxf4 13.Nxf5 O-O-O 14.Qc2 Kb8 15.O-O-O fxg3
16.hxg3 Bb4 17.Ne4 Qb6 18.e3 Nc5 19.Nxc5 Qxc5 20.Qxc5 Bxc5 21.Kc2 Rxd1 22.Rxd1 Kc7
23.Bf1 Ng4 24.b4 Nxf2 25.Rd2 Ne4 26.bxc5 Nxd2 27.Kxd2 Rd8+ 28.Nd6 Rg8 29.Bd3 Rxg3
30.Bxh7 Rg5 31.Bf5 b6 32.e4 bxc5 33.Nxf7 Rg7 34.Ne5 Rg2+ 35.Kc3 Rg3+ 36.Nd3 Rg1
37.Be6 Rg6 38.Bc4 Kb6 39.e5 Rg4 40.e6 Re4 41.a5+ Kxa5 42.Nxc5 Re1 43.Kd2 Re5
44.Nd7 Re4 45.Nf6 Re5 46.Ng4 Re4 47.Kd3 Rxg4 48.e7 Rg3+ 49.Kd2 Rg2+ 50.Ke3 Rg3+
51.Kf2 Rg4 52.Be6  1-0